00345cam a22001097a 4500008004000000082001400040245006700054260006000121300001100181650002600192700001700218180718b2000 xxu||||| |||| 00| 0 eng d aA75 P969F aPunjab district gazetteers: Faridkotcedited by Jagmohan Singh aChandigarhbRevenue and Rehabilitation Departmentc2000 a610+p. aFaridkot - Gazetteers aSingh, Mohan